The witch doctors : What the management gurus are, why it matters and how to make sense of it
محفوظ في:
| المؤلف الرئيسي: | |
|---|---|
| التنسيق: | كتاب |
| اللغة: | Undetermined |
| منشور في: |
London
Heinemann
1996
|
| الموضوعات: | |
| الوسوم: |
إضافة وسم
لا توجد وسوم, كن أول من يضع وسما على هذه التسجيلة!
|
| Thư viện lưu trữ: | Trung tâm Học liệu Trường Đại học Cần Thơ |
|---|
| LEADER | 00593nam a2200193Ia 4500 | ||
|---|---|---|---|
| 001 | CTU_96748 | ||
| 008 | 210402s9999 xx 000 0 und d | ||
| 082 | |a 658 | ||
| 082 | |b M619 | ||
| 100 | |a Micklethwait, John | ||
| 245 | 4 | |a The witch doctors : | |
| 245 | 0 | |b What the management gurus are, why it matters and how to make sense of it | |
| 245 | 0 | |c John Micklethwait, Adrian Wooldridge | |
| 260 | |a London | ||
| 260 | |b Heinemann | ||
| 260 | |c 1996 | ||
| 650 | |a Industrial management,Comparative management. | ||
| 904 | |i Năm | ||
| 980 | |a Trung tâm Học liệu Trường Đại học Cần Thơ | ||